Analýza vývoja príjmov a výdavkov domácností v SSR za roky 7. päťročnice záverečná práca postgraduálneho štúdia

Gespeichert in:
Bibliographische Detailangaben
1. Verfasser: Simanová, Mária
Körperschaft: Vysoká škola ekonomická v Bratislave
Weitere Verfasser: Kovačka, Milan
Format: Buch
Sprache:Slowakisch
Veröffentlicht: Bratislava 1987
Tags: Tag hinzufügen
Keine Tags, Fügen Sie das erste Tag hinzu!

MARC

LEADER 00000nam a2200000 4500
001 c024576
005 20221219094257.4
041 0 |a slo 
044 |a SK 
245 1 0 |a Analýza vývoja príjmov a výdavkov domácností v SSR za roky 7. päťročnice  |b záverečná práca postgraduálneho štúdia  |c Mária Simanová ; Ved. práce Milan Kovačka 
264 1 |a Bratislava  |c 1987 
300 |a 62 s. 
100 1 |a Simanová, Mária 
700 1 |a Kovačka, Milan 
710 2 |a Vysoká škola ekonomická v Bratislave